000 00690cam9a220022900 4500
001 lce00922045
008 780822s1956 sq 000 0 eng
010 _a 73221691 //r78
035 _a(Sirsi) r72871
035 _a(DLC) 73221691 //r78
035 _a(UPRA)lce00922045
040 _dUPRA
043 _af-sq---
050 0 _aHA1977.S9
_bS95 1956
110 1 _aSwaziland.
_6A33980.1
245 1 0 _aSwaziland census, 1956.
260 _a[Mbabane :
_bHigh Commission Print. & Pub. Co.,
_c1956]
500 _aErrata slip inserted.
651 0 _aSwaziland -- Census, 1956.
_ySwaziland -- Census, 1956.
_6S25724.1
949 _aHA1977.S9
_wlcc
_mMAIN
_tBOOK
_lON-SHELF
004 72871
999 _c199069
_d199069